Vznikla ďalšia možnosť doplnkového vzdelania pre manažérov a podnikateľov

V septembri 1994 Ústav ďalšieho vzdelávania ekonómov a manažérov EU v Bratislave otvára kurz Manažment malého podnikania ako špecializačný a rekvalifikačný. Štrnásť okruhov tém kurzu. Ďalšie aktivity Ústavu.

Saved in:
Bibliographic Details
Main Author: Kuzmová, A.
Format: Book Chapter
Language:Slovak
Subjects:
Tags: Add Tag
No Tags, Be the first to tag this record!

MARC

LEADER 00000naa a2200000 4500
001 r023910
005 20221213114751.2
041 0 |a slo 
044 |a SK 
245 1 0 |a Vznikla ďalšia možnosť doplnkového vzdelania pre manažérov a podnikateľov  |c A. Kuzmová 
520 |a V septembri 1994 Ústav ďalšieho vzdelávania ekonómov a manažérov EU v Bratislave otvára kurz Manažment malého podnikania ako špecializačný a rekvalifikačný. Štrnásť okruhov tém kurzu. Ďalšie aktivity Ústavu. 
610 2 0 |a Ekonomická univerzita v Bratislave 
610 2 0 |a vzdelanie vysokoškolské 
610 2 0 |a doškoľovanie 
610 2 0 |a manažment 
610 2 0 |a manažéri 
610 2 0 |a podnikatelia 
610 2 0 |a podnik malý 
610 2 0 |a kurzy 
100 1 |a Kuzmová, A.